| 000 | 00364nam a2200121Ia 4500 | ||
|---|---|---|---|
| 005 | 20251222154406.0 | ||
| 008 | 251222s9999||||xx |||||||||||||| ||spa|| | ||
| 020 | _a84-87082-14-9 | ||
| 082 | _a658.022/A81 | ||
| 100 | _a"Asís Roig, Agustín E. deGómez Galán, ManuelSota, Javier" | ||
| 245 | 0 | _aLas microempresas como agentes de desarrollo en el sur | |
| 942 | _cLIB | ||
| 999 |
_c35487 _d35487 |
||